|
|
|
|
| LEADER |
01148nab a2200325 i 4500 |
| 001 |
publ23342 |
| 005 |
20220128083856.0 |
| 008 |
220128s2020 hu o 0|| Angol d |
| 022 |
|
|
|a 0160-9289
|
| 024 |
7 |
|
|a 10.1002/clc.23500
|2 doi
|
| 024 |
7 |
|
|a 31648328
|2 mtmt
|
| 040 |
|
|
|a SZTE Publicatio Repozitórium
|b hun
|
| 041 |
|
|
|a Angol
|
| 100 |
1 |
|
|a Muk Balázs
|
| 245 |
1 |
4 |
|a The impact of serum concentration‐guided digoxin therapy on mortality of heart failure patients
|h [elektronikus dokumentum] :
|b A long‐term follow‐up, propensity‐matched cohort study /
|c Muk Balázs
|
| 260 |
|
|
|c 2020
|
| 300 |
|
|
|a 1641-1648
|
| 490 |
0 |
|
|a CLINICAL CARDIOLOGY
|v 43 No. 12
|
| 650 |
|
4 |
|a Klinikai orvostan
|
| 700 |
0 |
1 |
|a Vámos Máté
|e aut
|
| 700 |
0 |
1 |
|a Bógyi Péter
|e aut
|
| 700 |
0 |
1 |
|a Szabó Barna
|e aut
|
| 700 |
0 |
1 |
|a Dékány Miklós
|e aut
|
| 700 |
0 |
1 |
|a Vágány Dénes
|e aut
|
| 700 |
0 |
1 |
|a Majoros Zsuzsanna
|e aut
|
| 700 |
0 |
1 |
|a Borsányi Tünde
|e aut
|
| 700 |
0 |
1 |
|a Duray Gábor Zoltán
|e aut
|
| 700 |
0 |
1 |
|a Kiss Róbert Gábor
|e aut
|
| 700 |
0 |
1 |
|a Nyolczas Noémi
|e aut
|
| 856 |
4 |
0 |
|u http://publicatio.bibl.u-szeged.hu/23342/1/MukB2020.pdf
|z Dokumentum-elérés
|